000 00705pam a2200217 a 4500
001 1632996
005 20180111041955.0
008 960122s1997 enka 001 0 eng
010 _a 96003664
020 _a0521476585 (pbk.)
040 _aDLC
_cDLC
_dDLC
041 _aeng
080 _a428.24 SEA
082 0 0 _a428.24 SEA
_220
100 1 _a46
101 _aEDU
245 1 0 _aReading, study skills, and writing : content focus, human behavior /
_cBernard Seal.
906 _a7
_bcbc
_corignew
_d1
_eocip
_f19
_gy-gencatlg
942 _2ddc
_cBK
999 _c40070
_d40070